00487 2200181 4500001002100000005001500021035002000036007000300056008004100059020001800100082001000118084001600128100001200144245005900156260003500215300004300250600001200293INLIS00000000000028420231211113326 a0010-1223000014ta231211 g 0 ind  a979-8059-18-2 a633.3 a633.3 SUM a0 aSumarno1 aAnalisis Kesenjangan Hasil Keldelai di Jawa /cSumarno aBogor :bPusat Palawija,c1989 axix, 71 hlm, :bilus, ;c16 cm x 24 cm 4aKedelai